000 00432nam a2200181Ia 4500
001 24477
005 20260414151046.0
008 260414t2005||||xx |||||||||||||| ||spa||
041 _aESP
082 _a345.7C4
_bC31
100 _aCarrión Lugo, Jorge [1936-...]
_eAUT
245 0 _aTratado de derecho procesal civil
_b
260 _c2005
300 _a
_c24 cm.
650 _aDER
654 _aCDE
942 _cLIB
_dJUS
_fJUS
_2ddc
_n
999 _c24477
_d24477